000 00611nam a22002057a 4500
999 _c6275
_d6275
003 OSt
005 20190830113320.0
008 190830b ||||| |||| 00| 0 eng d
020 _a9780470253175
040 _cDNLM
082 _aQV785 O1a 2010
100 _aEdited byHong, Wen; Kinam, Park
_912890
245 _aOral Controlled Release Formulation Design and Drug Delivery: theory to practice
260 _aNew Jersey;
_bJohn Wiley,
_c2010
300 _ax,363p;
_bill:
_c29cm
504 _aReferences, & index included
650 _aDrug delivery
_92973
650 _aOral control
_912891
942 _2z
_cB_BANK